| 000 | 01356nam a22003617a 4500 | ||
|---|---|---|---|
| 003 | CHAP | ||
| 005 | 20220329140139.0 | ||
| 008 | 971013s1982 r 00010 d | ||
| 010 | _a47674 | ||
| 011 | _a48646 | ||
| 035 | _a52792 | ||
| 040 | _cCHAP | ||
| 090 | _aTesis | ||
| 100 | 0 | 0 |
_aPérez Núñez, Jorge Manuel. _989886 |
| 245 | _aPruebas a diferentes fechas de floración del efecto del fitorregulador ethrel en melón (Cucumis melo L.) var. gusto-45, asociado con maíz (Zea mayz L.) en el ciclo primavera-verano, 1981, Apodaca, N.L. | ||
| 260 |
_a(Monterrey, N.L.) : _bEl autor, _c1982 |
||
| 300 | _a75 p. | ||
| 502 | _aTesis (Ing. Agr. en Producción Agropecuaria) -- ITESM. Div. de Ciencias Agropecuarias y Marítimas | ||
| 590 |
_aALEPH _b10 _c20130110 _lUCH01 _h1318 |
||
| 590 |
_aBATCH-UPD _b10 _c20130110 _lUCH01 _h1209 |
||
| 590 |
_aBATCH-UPD _b10 _c20130410 _lUCH01 _h0749 |
||
| 590 |
_aBATCH-UPD _b10 _c20130914 _lUCH01 _h1125 |
||
| 590 |
_aCONVERSION _b10 _c20130109 _lUCH01 _h1326 |
||
| 650 | 1 | 4 |
_aAcido cloroetilfosfonico 2. _9578 |
| 650 | 1 | 4 |
_aCultivos asociados. _930370 |
| 650 | 1 | 4 |
_aMaíz _xRendimiento. _971051 |
| 650 | 1 | 4 |
_aMelón _xRendimiento. _974477 |
| 650 | 1 | 4 |
_aMelón _xVariedades. _974482 |
| 650 | 1 | 4 |
_aPlantas _xCrecimiento _xAditivos. _988804 |
| 901 | _aBK | ||
| 942 | _cTESIS | ||
| 949 |
_bBC _cTES _d-117381 _eTS1 _i52792 _si |
||
| 999 |
_c47674 _d47674 |
||